| 000 | 01090 a2200229 4500 | ||
|---|---|---|---|
| 001 | 118168 | ||
| 020 | _a9788564517363 | ||
| 020 | _qenc. | ||
| 041 | _apor | ||
| 082 | _a398.2454 | ||
| 240 | 1 | 0 | _aChildren's book of mythical beasts and magical monsters |
| 245 | 1 | 0 | _aMitos e lendas para crianças |
| 520 | _aOs mitos, as lendas e o folclore abordam os seres humanos, a natureza e seus fenômenos e também o mundo espiritual, por meio de histórias sobre deuses, heróis e monstros. Eles nos ajudam a refletir sobre grandes questões da vida. Este livro desvenda segredos da mitologia e traz aventuras incríveis que são contadas de geração em geração. Da Grécia Antiga às Américas, faz uma viagem por reinos escondidos, apresenta criaturas fascinantes, identifica personagens e reconta histórias fantásticas para os pequenos. | ||
| 697 | _aMitos | ||
| 697 | _aLendas | ||
| 856 | _u00002e/00002efb.jpg | ||
| 040 |
_aBR-BrIDEA _cBR-BrIDEA |
||
| 090 |
_aYear 3 398 _bMIT |
||
| 260 |
_aSão Paulo, SP _bPublifolhina _c2014 |
||
| 300 |
_a142 p. _bcol. ill. |
||
| 942 | _cBK | ||
| 999 |
_c118168 _d118168 |
||